01365nam a2200337 i 4500001001000000003001000010005001700020007000300037008004100040020001500081040004700096041000800143082002000151100003800171245006500209264003900274264001200313300002700325336002700352337003300379338002800412490002400440504004100464505030100505563001400806653003800820942000700858945001200865952013300877999001701010768714001CO-MdFUSB20210921161359.0ta210430t1984 sp |||| |||| 00| 0 spa d a8429721401 aCO-MdFUSBbspacCO-MdFUSBdCO-MdFUSBCerda aspa 223a305.8bES79 aEsteva Fabregat, Claudio, eautor aEstado, etnicidad y biculturalismoc/ Claudi Esteva Fabregat 1aBarcelona : bPenínsula,c[1984] 4c© 1984 a235 páginasc; 20 cm 2rdacontentatextobtxt 2rdamediaasin mediaciónbn 2rdacarrieravolumenbnc aHomo sociologicus,  aIncluye referencias bibliográficas aEtnia, etnicidad y relaciones interétnicas. -- Subcultura, clase cultural y clase social. -- Segmentación étnica, clase social, consciencia étnica y consciencia de clase. -- El Estado, la etnicidad y el biculturalismo. -- Inmigración, etnicidad y relaciones interétnicas en Barcelona. aRústico a Relaciones étnicas. Etnicidad. cBK aJTF-925 00102ddc40708GENaFUSBCbFUSBCd2021-04-30l0oG 305.8 ES79ep19008r2021-04-30 00:00:00tEj. 1w2021-04-30yBKk35IINV2022 c66727d66727